The model law (Record no. 79885)

MARC details
000 -LEADER
fixed length control field 01114cab a22001935a 4500
001 - CONTROL NUMBER
control field L142640
008 - FIXED-LENGTH DATA ELEMENTS--GENERAL INFORMATION
fixed length control field 080226s2007 xxk f v 000 0 eng d
035 ## - SYSTEM CONTROL NUMBER
System control number (Sirsi) u142640
041 0# - LANGUAGE CODE
Language code of text/sound track or separate title eng
245 04 - TITLE STATEMENT
Title The model law
Remainder of title changes to the model law
260 ## - PUBLICATION, DISTRIBUTION, ETC.
Date of publication, distribution, etc. 2007
490 #0 - SERIES STATEMENT
Series statement Arbitration Law Monthly
Volume/sequential designation 8(1) December 2007/January 2008, 6-12(7)
520 ## - SUMMARY, ETC.
Summary, etc. Outlines and explains the changes to UNCITRAL (United Nations Model Law on International Commercial Arbitration). In July 2006 a number of amendments were made to reflect changes in commercial practices and to strengthen the original 1985 Law. Covers: interpretation; definition of arbitration agreement; interim measures ordered by the arbitrators; preliminary orders; principles common to both interim measures and preliminary orders; interim measures available from the courts; enforcement.
590 ## - LOCAL NOTE (RLIN)
Local note KA
650 24 - SUBJECT ADDED ENTRY--TOPICAL TERM
Topical term or geographic name entry element UNCITRAL MODEL LAW ON INTERNATIONAL COMMERCIAL ARBITRATION 1985
651 #4 - SUBJECT ADDED ENTRY--GEOGRAPHIC NAME
Geographic name International
690 ## - LOCAL SUBJECT ADDED ENTRY--TOPICAL TERM (OCLC, RLIN)
Topical term or geographic name as entry element MANAGEMENT-DISPUTE AVOIDANCE, MANAGEMENT AND RESOLUTION-DISPUTE MANAGEMENT AND RESOLUTION-ARBITRATION
942 ## - ADDED ENTRY ELEMENTS (KOHA)
Suppress in OPAC 0
Holdings
Withdrawn status Lost status Source of classification or shelving scheme Damaged status Not for loan Home library Current library Shelving location Date acquired Total Checkouts Full call number Barcode Date last seen Copy number Price effective from Koha item type
    Dewey Decimal Classification     London London Journal article 26/02/2008   L142640 142640-1001 06/08/2019 1 06/08/2019 Journal article